Online
Catalog

Caza mayor / (Record no. 4054)

MARC details
000 -CABECERA
campo de control de longitud fija 00637cam a2200205 a 4500
001 - NÚMERO DE CONTROL
campo de control 000004240
005 - FECHA Y HORA DE LA ÚLTIMA TRANSACCIÓN
campo de control 20200929151421.0
008 - DATOS DE LONGITUD FIJA--INFORMACIÓN GENERAL
campo de control de longitud fija 750708s1969 mx a 001 0 spa
040 ## - FUENTE DE LA CATALOGACIÓN
Centro catalogador/agencia de origen DO-SdBNP
Lengua de catalogación spa
Centro/agencia transcriptor BNPHU
082 ## - NÚMERO DE LA CLASIFICACIÓN DECIMAL DEWEY
Número de clasificación 799.21
Número de documento/Ítem O18c, 1969
100 1# - ENTRADA PRINCIPAL--NOMBRE DE PERSONA
Nombre de persona O'Connor, Jack,
Fechas asociadas al nombre 1902-
9 (RLIN) 12535
240 10 - TÍTULO UNIFORME
Título uniforme Big game hunts.
Lenguaje de la obra Español
245 10 - MENCIÓN DE TÍTULO
Título Caza mayor /
Mención de responsabilidad, etc. Jack O'connor; traductor, René Cárdenas Barrios.
250 ## - MENCIÓN DE EDICIÓN
Mención de edición 2da ed.
260 ## - PUBLICACIÓN, DISTRIBUCIÓN, ETC.
Lugar de publicación, distribución, etc. México :
Nombre del editor, distribuidor, etc. Diana,
Fecha de publicación, distribución, etc. 1969.
300 ## - DESCRIPCIÓN FÍSICA
Extensión 355 p. :
Otras características físicas il. ;
Dimensiones 23 cm.
534 ## - NOTA SOBRE LA VERSIÓN ORIGINAL
Encabezamiento principal del original Título original :
Mención de título del original Big game hunts.
650 #4 - PUNTO DE ACCESO ADICIONAL DE MATERIA--TÉRMINO DE MATERIA
Término de materia o nombre geográfico como elemento de entrada Caza
9 (RLIN) 12536
700 1# - PUNTO DE ACCESO ADICIONAL--NOMBRE DE PERSONA
Nombre de persona Cárdenas Barrios, René,
Término indicativo de función/relación tr.
9 (RLIN) 12537
Holdings
Estado de retiro Estado de pérdida Restricciones de uso No para préstamo Código de colección Localización permanente Ubicación/localización actual Ubicación en estantería Fecha de adquisición Número de inventario Total de préstamos Signatura topográfica completa Código de barras Fecha visto por última vez Precio válido a partir de Tipo de ítem Koha Número de copia
    Préstamo interno   Monografías: Libros y Folletos General General En catalogación 20.07.2009 LF1   799.21 O18c, 1969 4240-10 25.06.2020 25.06.2020 Préstamo interno  
  Extraviado   Excluido de préstamo Monografías: Libros y Folletos General General Extraviado 10.04.2017 LF1   799.21 O18c, 1969 4240-20 25.06.2020 25.06.2020 No se presta e. 2

Powered by Koha